| 000 | 01080cam a22003253a 4500 | ||
|---|---|---|---|
| 001 | 12183 | ||
| 003 | PGUSA | ||
| 005 | 20140828083246.0 | ||
| 008 | 040401s2004||||xxu|||||s|||||000 | eng d | ||
| 040 |
_aPGUSA _beng |
||
| 042 | _adc | ||
| 050 | 4 | _aF476 | |
| 100 | 1 |
_aKinzie, John H., _cMrs, _d1806-1870 |
|
| 245 | 1 | 0 |
_aWau-bun : _bThe Early Day in the Northwest _h[electronic resource] / _cJohn H., Kinzie |
| 260 |
_bProject Gutenberg, _c2004 |
||
| 506 | _aPublic domain in the USA. | ||
| 516 | _aElectronic text | ||
| 653 | _aPortage (Wis.) | ||
| 653 | _aFrontier and pioneer life -- Wisconsin | ||
| 653 | _aIndians of North America -- Northwest, Old | ||
| 653 | _aNorthwest, Old -- Description and travel | ||
| 653 | _aChicago (Ill.) -- History | ||
| 653 | _aFrontier and pioneer life -- Northwest, Old | ||
| 653 | _aKinzie, John H., Mrs., 1806-1870 | ||
| 653 | _aIllinois -- Description and travel | ||
| 653 | _aNorthwest, Old -- History -- 1775-1865 | ||
| 830 | 0 |
_aProject Gutenberg _v12183 |
|
| 856 | 4 | 0 | _uhttp://www.gutenberg.org/ebooks/12183 |
| 942 | _cEB | ||
| 999 |
_c241438 _d241438 |
||